000 00974nam a2200349 a 4500
003 AR-BaBNM
005 20251128205150.0
008 082120s2002 ||||||||||||||000 | spa||
020 _a0-326-6060
040 _cAR-BaBNM
110 2 _aUniversidad Nacional de Luján
245 0 0 _aCuadernos de historia regional
_n12
250 _a1ª ed.
260 _aBuenos Aires
_bEudeba
_c1988
300 _a96 p.
_btablas
500 _aActualización de publicaciones
504 _aBibliografía en cada artículo
610 2 4 _aIGLESIA CATOLICA
650 4 _aHISTORIA ECONOMICA
650 4 _aHISTORIA SOCIAL
650 4 _aHISTORIA CORDOBESA
650 4 _aIGLESIA CATOLICA
650 4 _aHISTORIA POLITICA
650 4 _aGENERACION DE 1880
650 4 _aHISTORIA DE LAS IDEAS
700 1 _aSzuchman, Mark D.
700 1 _aRegalsky, Andrés Martín
700 1 _aPointenburd, Silvia N.
700 1 _aVelazquez, Guillermo A.
942 _cBK
998 _cmariana
999 _c10258
_d10258